3 największe miasta w województwie świętokrzyskim zawierające literę - Statystyki

Ogólne statystyki
  • Ten quiz został rozwiązany 178 razy
    97 od ostatniego zresetowania
  • Średni wynik to 66 z 84
Statystyki odpowiedzi
Litera Odpowiedź % Poprawnych
B Busko-Zdrój
92%
Busko-Zdrój
92%
J Busko-Zdrój
92%
Ó Busko-Zdrój
92%
U Busko-Zdrój
92%
Busko-Zdrój
92%
C Kielce
92%
E Kielce
92%
I Kielce
92%
K Kielce
92%
L Kielce
92%
Ostrowiec Świętokrzyski
92%
Ę Ostrowiec Świętokrzyski
92%
Ostrowiec Świętokrzyski
92%
Ostrowiec Świętokrzyski
92%
O Ostrowiec Świętokrzyski
92%
R Ostrowiec Świętokrzyski
92%
S Ostrowiec Świętokrzyski
92%
Ś Ostrowiec Świętokrzyski
92%
T Ostrowiec Świętokrzyski
92%
W Ostrowiec Świętokrzyski
92%
Y Ostrowiec Świętokrzyski
92%
Z Ostrowiec Świętokrzyski
92%
Sandomierz
92%
D Sandomierz
92%
Sandomierz
92%
Sandomierz
92%
Sandomierz
92%
Jędrzejów
88%
Jędrzejów
88%
Jędrzejów
88%
Jędrzejów
88%
Jędrzejów
88%
A Starachowice
88%
Starachowice
88%
Starachowice
88%
H Starachowice
88%
Starachowice
88%
Starachowice
88%
Starachowice
88%
Starachowice
88%
Starachowice
88%
Starachowice
88%
Staszów
88%
Staszów
88%
Ń Końskie
85%
Opatów
85%
Ł Włoszczowa
85%
Pińczów
81%
P Pińczów
81%
Skarżysko-Kamienna
81%
Skarżysko-Kamienna
81%
Skarżysko-Kamienna
81%
M Skarżysko-Kamienna
81%
N Skarżysko-Kamienna
81%
Skarżysko-Kamienna
81%
Skarżysko-Kamienna
81%
Skarżysko-Kamienna
81%
Skarżysko-Kamienna
81%
Ż Skarżysko-Kamienna
81%
Chęciny
69%
Chęciny
69%
Ć Ćmielów
65%
Ą Stąporków
65%
Bodzentyn
62%
Kazimierza Wielka
62%
Kazimierza Wielka
62%
Wąchock
62%
Łagów
58%
Połaniec
58%
Połaniec
58%
Połaniec
58%
Suchedniów
58%
Suchedniów
58%
Chmielnik
54%
Ożarów
54%
G Małogoszcz
50%
Małogoszcz
50%
Sędziszów
46%
Wiślica
46%
Gowarczów
38%
Kunów
31%
Oleśnica
31%
Skalbmierz
27%
Nie znaleziono quizów pasujących do podanych kryteriów
Rozkład punktacji
Procent ludzi z każdym wynikiem
Percentyl według liczby udzielonych odpowiedzi
Twoja historia wyników
Nie rozwiązałeś tego quizu od ostatniego zresetowania